Školiteľ, mentor, konzultant - ktorého z nich potrebujete?

Vymedzenie pojmov školiteľ, mentor a konzultant. Mentoringové programy. Fázy v ktorých prebieha biznis konzulting.

Gespeichert in:
Bibliographische Detailangaben
1. Verfasser: Danišová, Marcela
Format: Buchkapitel
Sprache:Slowakisch
Schlagworte:
Tags: Tag hinzufügen
Keine Tags, Fügen Sie das erste Tag hinzu!

MARC

LEADER 00000naa a2200000 4500
001 0241550
005 20221104113138.7
041 0 |a slo 
044 |a SK 
245 1 0 |a Školiteľ, mentor, konzultant - ktorého z nich potrebujete?  |c Marcela Danišová 
520 |a Vymedzenie pojmov školiteľ, mentor a konzultant. Mentoringové programy. Fázy v ktorých prebieha biznis konzulting. 
610 2 0 |a podnikanie 
610 2 0 |a poradenstvo 
610 2 0 |a koučovanie 
610 2 0 |a konzultanti 
100 1 |a Danišová, Marcela